[Event "4NCL 2021-22"]
[Site "England"]
[Date "2022.03.27"]
[Round "6.8"]
[White "Kalaiyalahan, Akshaya"]
[Black "Toma, Katarzyna"]
[Result "0-1"]
[WhiteElo "2208"]
[BlackElo "2420"]
[Annotator "NA"]
[PlyCount "116"]
[EventDate "2021.11.27"]
[EventType "team-tourn"]
[EventCountry "ENG"]
[SourceTitle "playchess.com"]
[Source "ChessBase"]
[SourceQuality "1"]
[TimeControl "40/6000+30:3000+30"]

1. Nf3 {[%emt 0:00:03]} Nf6 {[%emt 0:00:08]} 2. d4 {[%emt 0:00:11]} g6 {[%emt 0:00:20]} 3. g3 {[%emt 0:00:24]} Bg7 {[%emt 0:00:10]} 4. c4 {[%emt 0:00:15]} O-O {[%emt 0:00:26]} 5. Bg2 {[%emt 0:00:11]} d5 {[%emt 0:00:11]} 6. cxd5 {[%emt 0:00:25]} Nxd5 {[%emt 0:00:27]} 7. O-O {[%emt 0:00:25]} Nb6 {[%emt 0:00:25]} 8. Nc3 {[%emt 0:00:14]} Nc6 {[%emt 0:00:47]} 9. d5 {[%emt 0:00:44]} Na5 {[%emt 0:00:59]} 10. Qc2 {[%emt 0:00:33]} c6 {[%emt 0:03:35]} 11. dxc6 {[%emt 0:00:42]} Nxc6 {[%emt 0:00:06]} 12. Rd1 {[%emt 0:01:01]} Bd7 {[%emt 0:07:17]} 13. Bf4 {[%emt 0:16:38]} Qc8 {[%emt 0:15:04]} 14. Rac1 {[%emt 0:03:42]} Bh3 {[%emt 0:04:29]} 15. Bh1 {[%emt 0:11:08]} Qf5 {[%emt 0:10:21]} 16. Qxf5 {[%emt 0:11:04]} Bxf5 {[%emt 0:00:07]} 17. b3 {[%emt 0:01:25]} Rac8 {[%emt 0:02:29]} 18. Be3 {[%emt 0:30:26]} Rfd8 {[%emt 0:03:50]} 19. Rxd8+ {[%emt 0:05:47]} Rxd8 {[%emt 0:00:09]} 20. Nb5 {[%emt 0:01:47]} Nd5 {[%emt 0:03:22]} 21. Nxa7 {[%emt 0:07:26]} Nxa7 {[%emt 0:14:20]} 22. Bxa7 {[%emt 0:00:07]} Nc3 {[%emt 0:00:11]} 23. Re1 {[%emt 0:01:30]} Nxa2 {[%emt 0:01:05]} 24. Bb6 {[%emt 0:03:06]} Rd7 $15 {[%emt 0:02:29]} 25. e4 {[%emt 0:07:48]} Be6 {[%emt 0:01:05]} 26. e5 {[%emt 0:00:57]} Bxb3 {[%emt 0:03:59]} 27. Nd4 {[%emt 0:00:22]} Bd5 {[%emt 0:06:14]} 28. f4 {[%emt 0:02:36]} Bxh1 {[%emt 0:01:41]} 29. Kxh1 {[%emt 0:00:03]} h6 {[%emt 0:00:07]} 30. Ra1 {[%emt 0:01:19]} Nc3 {[%emt 0:00:13]} 31. Ra8+ {[%emt 0:00:23]} Kh7 {[%emt 0:00:05]} 32. Rd8 {[%emt 0:01:12]} Rxd8 {[%emt 0:01:46]} 33. Bxd8 {[%emt 0:00:05]} e6 {[%emt 0:00:42]} 34. Kg2 {[%emt 0:01:15]} Bf8 {[%emt 0:02:38]} 35. Ba5 {[%emt 0:00:56]} Nd5 {[%emt 0:00:08]} 36. Kf3 {[%emt 0:00:29]} Kg8 {[%emt 0:01:59]} 37. Nb5 {[%emt 0:00:59]} Bc5 {[%emt 0:01:38]} 38. Bd2 {[%emt 0:01:10]} h5 {[%emt 0:00:20]} 39. h3 {[%emt 0:00:18]} Kf8 {[%emt 0:00:21]} 40. g4 {[%emt 0:00:49]} hxg4+ {[%emt 0:00:19]} 41. hxg4 {[%emt 0:50:33]} Ke7 {[%emt 0:50:08]} 42. Ke4 {[%emt 0:00:00]} Kd7 {[%emt 0:00:00]} 43. f5 {[%emt 0:00:00]} Kc6 {[%emt 0:00:00]} 44. Nc3 {[%emt 0:00:00]} Nxc3+ {[%emt 0:00:00]} 45. Bxc3 {[%emt 0:00:00]} b5 {[%emt 0:00:00]} 46. Bb2 {[%emt 0:00:00]} b4 {[%emt 0:00:00]} 47. fxg6 {[%emt 0:00:00]} fxg6 {[%emt 0:00:00]} 48. Bc1 {[%emt 0:00:00]} Kb5 {[%emt 0:00:00]} 49. Kd3 {[%emt 0:00:00]} Be7 {[%emt 0:00:00]} 50. Kd4 {[%emt 0:00:00]} b3 {[%emt 0:00:00]} 51. Kc3 {[%emt 0:00:00]} Ka4 {[%emt 0:00:00]} 52. g5 {[%emt 0:00:00]} Bb4+ {[%emt 0:00:00]} 53. Kd3 {[%emt 0:00:00]} Ba3 {[%emt 0:00:00]} 54. Be3 {[%emt 0:00:00]} b2 {[%emt 0:00:00]} 55. Kc2 {[%emt 0:00:00]} Kb5 {[%emt 0:00:00]} 56. Kb1 {[%emt 0:00:00]} Kc4 {[%emt 0:00:00]} 57. Bb6 {[%emt 0:00:00]} Kd5 {[%emt 0:00:00]} 58. Ka2 {[%emt 0:00:00]} Kxe5 {[%emt 0:00:00]} 0-1

[Event "4NCL 2021-22"]
[Site "England"]
[Date "2022.03.27"]
[Round "6.9"]
[White "Jackson, James P"]
[Black "Shirov, Alexei"]
[Result "0-1"]
[WhiteElo "2407"]
[BlackElo "2704"]
[Annotator "TA"]
[PlyCount "74"]
[EventDate "2021.11.27"]
[EventType "team-tourn"]
[EventCountry "ENG"]
[SourceTitle "playchess.com"]
[Source "ChessBase"]
[SourceQuality "1"]

{[%evp 9,74,0,0,0,19,0,0,0,8,7,9,0,0,4,7,0,3,9,45,0,0,0,0,0,0,0,0,-44,-56,-81,-110,-103,-96,-129,-102,-94,-94,-131,-126,-123,-128,-125,-126,-126,-106,-136,-25,-28,-19,-26,-31,-27,-18,-57,-57,-55,-55,-79,-80,-73,-81,-85,-82,-95,-95,-91,-81]} 1. d4 d5 2. Nf3 Nf6 3. Bf4 c5 4. e3 Nc6 5. Nbd2 Qb6 {[%csl LRb2,LRd4][%cal Rc5d4]} 6. dxc5 {D02: 1 d4 d5 2 Nf3 sidelines, including 2...Nf6 3 g3 and 2...Nf6 3 Bf4.} Qxb2 7. Rb1 Qc3 8. Bb5 {The position is equal.} g6 9. O-O {[%cal Oe3e4] [#] And now e4! would win.} Bg7 $1 10. Nb3 {[%cal Oe3e4] Hoping for e4!} O-O 11. Bxc6 bxc6 12. Be5 Qc4 13. Qd4 {[#]} Qxc2 $5 $146 {[%mdl 8] New and interesting.} ({Predecessor:} 13... Qxd4 14. exd4 a5 15. a4 Bf5 16. Rb2 Ne4 17. Bxg7 Kxg7 18. Ne5 Rfc8 19. g4 f6 20. Nxc6 Rxc6 21. gxf5 gxf5 {½-½ (102) Demchenko,A (2632)-Abdusattorov,N (2627) Chess.com INT 2020}) 14. Na5 (14. Qa4 $14 {deserves consideration.}) 14... Bd7 $11 15. Rb7 {[%cal Ob7d7]} Rfd8 ({Don't take} 15... Qxa2 16. Qb4 Rfd8 17. Ra1 $14) 16. h3 Qxa2 17. Qb4 d4 18. Bxf6 (18. Bxd4 $11 {is superior.} Nd5 19. Qe1) 18... Bxf6 $15 19. exd4 Qd5 {[%cal Od7h3]} 20. Qc3 Bf5 21. Ne5 Rac8 ({Weaker is} 21... Qxd4 22. Qxd4 Rxd4 23. Naxc6 Bxe5 24. Nxe5 $15) 22. Re1 Be4 ({Don't play} 22... Qxd4 $6 23. Qxd4 Rxd4 24. Naxc6 $11) 23. f3 Qxd4+ 24. Qxd4 Rxd4 25. fxe4 Bxe5 26. Rxe7 Bg3 27. Rf1 f6 ({Better is} 27... Ra4 $17 28. Nb7 Rc7 29. Rxc7 Bxc7) 28. Re6 $11 Kg7 29. Nxc6 Rc4 30. Rexf6 Rxe4 31. R6f3 Rxc6 32. Rxg3 Rxc5 $15 {KRR-KRR} 33. Ra1 a5 {Black is better.} 34. Rga3 {Prevents a4.} Ree5 {Black is more active.} 35. Ra4 Kf6 36. Rb1 Rb5 {To avoid Rb6+} 37. Rc1 Rec5 {To avoid Rc6+.  Weighted Error Value: White=0.09 (flawless) /Black=0.10 (very precise)} 0-1

[Event "4NCL 2021-22"]
[Site "England"]
[Date "2022.03.27"]
[Round "6.10"]
[White "Lupulescu, Constantin"]
[Black "Taylor, Martin R"]
[Result "1-0"]
[WhiteElo "2620"]
[BlackElo "2343"]
[Annotator "ChessBase"]
[PlyCount "111"]
[EventDate "2021.11.27"]
[EventType "team-tourn"]
[EventCountry "ENG"]
[SourceTitle "playchess.com"]
[Source "ChessBase"]
[SourceQuality "1"]
[TimeControl "40/6000+30:3000+30"]

1. Nf3 {[%emt 0:00:03]} d5 {[%emt 0:00:18]} 2. e3 {[%emt 0:00:05]} Nf6 {[%emt 0:00:23]} 3. c4 {[%emt 0:00:27]} e6 {[%emt 0:01:31]} 4. b3 {[%emt 0:00:11]} Nbd7 {[%emt 0:00:55]} 5. Bb2 {[%emt 0:00:15]} c6 {[%emt 0:04:19]} 6. d4 {[%emt 0:00:49]} Ne4 {[%emt 0:00:43]} 7. Bd3 {[%emt 0:02:09]} f5 {[%emt 0:02:46]} 8. O-O {[%emt 0:01:57]} Bd6 {[%emt 0:00:51]} 9. Ba3 {[%emt 0:05:00]} Bxa3 {[%emt 0:07:35]} 10. Nxa3 {[%emt 0:00:30]} Qe7 {[%emt 0:03:00]} 11. Nc2 {[%emt 0:06:41]} b6 {[%emt 0:03:05]} 12. cxd5 {[%emt 0:20:20]} exd5 {[%emt 0:03:01]} 13. b4 {[%emt 0:01:18]} Bb7 {[%emt 0:21:30]} 14. Qc1 {[%emt 0:05:50]} O-O {[%emt 0:04:06]} 15. Qb2 {[%emt 0:01:24]} Rf6 {[%emt 0:07:10]} 16. g3 {[%emt 0:14:46]} Rh6 {[%emt 0:07:11]} 17. Nce1 {[%emt 0:06:39]} g5 {[%emt 0:10:49]} 18. Ng2 {[%emt 0:14:36]} Re6 {[%emt 0:09:50]} 19. Nd2 {[%emt 0:03:25]} a5 {[%emt 0:05:43]} 20. a3 {[%emt 0:01:30]} Rf6 {[%emt 0:04:49]} 21. f3 {[%emt 0:01:08]} Nd6 {[%emt 0:01:43]} 22. Rac1 {[%emt 0:04:41]} h6 {[%emt 0:03:04]} 23. Rfe1 {[%emt 0:02:58]} Re6 {[%emt 0:05:44]} 24. Nb3 {[%emt 0:06:38]} axb4 {[%emt 0:00:39]} 25. axb4 {[%emt 0:00:04]} Ra4 {[%emt 0:00:50]} 26. Nd2 {[%emt 0:02:01]} b5 {[%emt 0:00:17]} 27. Ra1 {[%emt 0:02:07]} Nb6 {[%emt 0:00:57]} 28. Rxa4 {[%emt 0:00:23]} Nxa4 {[%emt 0:00:05]} 29. Qc2 {[%emt 0:00:43]} Rf6 {[%emt 0:01:02]} 30. Nb3 {[%emt 0:02:49]} Nc4 {[%emt 0:00:10]} 31. Nc5 {[%emt 0:00:47]} Nxc5 {[%emt 0:00:06]} 32. bxc5 {[%emt 0:00:10]} Bc8 {[%emt 0:01:01]} 33. e4 {[%emt 0:00:09]} fxe4 {[%emt 0:00:16]} 34. fxe4 {[%emt 0:00:05]} dxe4 {[%emt 0:01:01]} 35. Rxe4 {[%emt 0:01:52]} Be6 {[%emt 0:00:53]} 36. Qe2 {[%emt 0:01:10]} Qd7 {[%emt 0:00:25]} 37. h4 {[%emt 0:00:21]} Bd5 {[%emt 0:00:29]} 38. Re8+ {[%emt 0:02:05]} Rf8 {[%emt 0:00:02]} 39. Re7 {[%emt 0:00:34]} Qh3 {[%emt 0:00:29]} 40. Be4 {[%emt 0:00:52]} Rf7 {[%emt 0:01:07]} 41. Rxf7 {[%emt 0:18:37]} Bxf7 {[%emt 0:17:14]} 42. Bxc6 {[%emt 0:07:22]} Qxg3 {[%emt 0:01:18]} 43. hxg5 {[%emt 0:01:48]} hxg5 {[%emt 0:05:45]} 44. Bxb5 {[%emt 0:00:33]} Qc3 {[%emt 0:05:54]} 45. Qg4 {[%emt 0:02:43]} Kf8 {[%emt 0:03:42]} 46. Bxc4 {[%emt 0:03:52]} Bxc4 {[%emt 0:05:48]} 47. Kh2 {[%emt 0:06:12]} Bf7 {[%emt 0:02:44]} 48. Qc8+ {[%emt 0:03:13]} Kg7 {[%emt 0:02:11]} 49. Qd8 {[%emt 0:00:06]} Kg6 {[%emt 0:01:59]} 50. Qd6+ {[%emt 0:00:33]} Kh5 {[%emt 0:01:58]} 51. c6 {[%emt 0:02:10]} Bg6 {[%emt 0:01:46]} 52. Qe6 {[%emt 0:06:06]} Bd3 {[%emt 0:03:39]} 53. Qf7+ {[%emt 0:00:46]} Kg4 {[%emt 0:02:16]} 54. Ne3+ {[%emt 0:00:42]} Kh4 {[%emt 0:00:08]} 55. Qf3 {[%emt 0:00:20]} Qb2+ {[%emt 0:01:06]} 56. Ng2+ {[%emt 0:00:05]} 1-0

[Event "4NCL 2021-22"]
[Site "England"]
[Date "2022.03.27"]
[Round "6.11"]
[White "Cox, John J"]
[Black "Parligras, Mircea-Emilian"]
[Result "0-1"]
[WhiteElo "2319"]
[BlackElo "2575"]
[Annotator "ChessBase"]
[PlyCount "76"]
[EventDate "2021.11.27"]
[EventType "team-tourn"]
[EventCountry "ENG"]
[SourceTitle "playchess.com"]
[Source "ChessBase"]
[SourceQuality "1"]
[TimeControl "40/6000+30:3000+30"]

1. c4 {[%emt 0:00:08]} e6 {[%emt 0:00:23]} 2. d4 {[%emt 0:00:50]} Nf6 {[%emt 0:00:38]} 3. Nc3 {[%emt 0:00:05]} Bb4 {[%emt 0:01:59]} 4. e3 {[%emt 0:00:05]} O-O {[%emt 0:00:21]} 5. Bd2 {[%emt 0:00:03]} d5 {[%emt 0:05:30]} 6. Nf3 {[%emt 0:00:46]} b6 {[%emt 0:01:28]} 7. Bd3 {[%emt 0:02:22]} dxc4 {[%emt 0:00:35]} 8. Bxc4 {[%emt 0:00:07]} Bb7 {[%emt 0:00:15]} 9. O-O {[%emt 0:00:12]} Nbd7 {[%emt 0:02:36]} 10. Qe2 {[%emt 0:00:32]} c5 {[%emt 0:02:26]} 11. Rfd1 {[%emt 0:07:35]} cxd4 {[%emt 0:05:09]} 12. Nxd4 {[%emt 0:01:18]} a6 {[%emt 0:03:37]} 13. a3 {[%emt 0:03:23]} Bd6 {[%emt 0:01:05]} 14. Be1 {[%emt 0:07:06]} Qe7 {[%emt 0:01:32]} 15. Rac1 {[%emt 0:02:18]} b5 {[%emt 0:02:46]} 16. Ba2 {[%emt 0:00:25]} Rac8 {[%emt 0:00:31]} 17. f3 {[%emt 0:13:11]} Rfd8 {[%emt 0:04:43]} 18. e4 {[%emt 0:01:53]} Bf4 {[%emt 0:12:43]} 19. Bd2 {[%emt 0:15:39]} Bb8 {[%emt 0:02:53]} 20. Be1 {[%emt 0:05:00]} Ne5 {[%emt 0:09:40]} 21. Bf2 {[%emt 0:04:54]} Ng6 {[%emt 0:01:40]} 22. Nb3 {[%emt 0:08:18]} Nf4 {[%emt 0:01:33]} 23. Qf1 {[%emt 0:00:13]} Nd7 {[%emt 0:02:49]} 24. Ne2 {[%emt 0:03:02]} Ng6 {[%emt 0:03:33]} 25. Rxc8 {[%emt 0:03:20]} Rxc8 {[%emt 0:00:34]} 26. Rc1 {[%emt 0:03:10]} Rd8 {[%emt 0:10:45]} 27. Na5 {[%emt 0:12:04]} Ba8 {[%emt 0:01:01]} 28. Nc6 {[%emt 0:02:30]} Bxc6 {[%emt 0:01:45]} 29. Rxc6 {[%emt 0:00:03]} Nde5 {[%emt 0:00:15]} 30. Rxa6 {[%emt 0:06:49]} Nd3 {[%emt 0:00:47]} 31. Be3 {[%emt 0:01:14]} Qb7 {[%emt 0:06:32]} 32. Rb6 {[%emt 0:01:19]} Qc7 {[%emt 0:00:59]} 33. Rxb8 {[%emt 0:05:10]} Qxb8 {[%emt 0:00:04]} 34. Nd4 {[%emt 0:00:59]} Nge5 {[%emt 0:05:48]} 35. f4 {[%emt 0:00:53]} Ng4 {[%emt 0:00:31]} 36. Qxd3 {[%emt 0:00:48]} Qb6 {[%emt 0:01:05]} 37. Qxb5 {[%emt 0:00:29]} Qxb5 {[%emt 0:00:09]} 38. Nxb5 {[%emt 0:00:02]} Rd1# {[%emt 0:00:07]} 0-1

[Event "4NCL 2021-22"]
[Site "England"]
[Date "2022.03.27"]
[Round "6.12"]
[White "Cyborowski, Lukasz"]
[Black "Griffiths, Ryan Rhys"]
[Result "0-1"]
[WhiteElo "2494"]
[BlackElo "2352"]
[Annotator "ChessBase"]
[PlyCount "148"]
[EventDate "2021.11.27"]
[EventType "team-tourn"]
[EventCountry "ENG"]
[SourceTitle "playchess.com"]
[Source "ChessBase"]
[SourceQuality "1"]
[TimeControl "40/6000+30:3000+30"]

1. Nf3 {[%emt 0:00:05]} c5 {[%emt 0:07:32]} 2. e3 {[%emt 0:00:38]} Nf6 {[%emt 0:04:51]} 3. d4 {[%emt 0:02:09]} cxd4 {[%emt 0:00:13]} 4. exd4 {[%emt 0:00:17]} d5 {[%emt 0:00:13]} 5. c3 {[%emt 0:02:25]} Nc6 {[%emt 0:02:46]} 6. Bf4 {[%emt 0:01:40]} e6 {[%emt 0:11:11]} 7. Nbd2 {[%emt 0:03:56]} Bd6 {[%emt 0:00:09]} 8. Bxd6 {[%emt 0:03:42]} Qxd6 {[%emt 0:00:15]} 9. Bd3 {[%emt 0:00:10]} O-O {[%emt 0:01:35]} 10. Qe2 {[%emt 0:07:25]} Nd7 {[%emt 0:01:44]} 11. O-O {[%emt 0:07:32]} e5 {[%emt 0:01:51]} 12. dxe5 {[%emt 0:02:47]} Ndxe5 {[%emt 0:00:21]} 13. Nxe5 {[%emt 0:01:03]} Nxe5 {[%emt 0:00:54]} 14. Rae1 {[%emt 0:07:27]} Re8 {[%emt 0:20:19]} 15. Qe3 {[%emt 0:26:44]} Bd7 {[%emt 0:02:33]} 16. Nf3 {[%emt 0:02:35]} Nc4 {[%emt 0:10:44]} 17. Qc1 {[%emt 0:03:10]} Qb6 {[%emt 0:01:56]} 18. Bxc4 {[%emt 0:20:57]} dxc4 {[%emt 0:00:46]} 19. Nd4 {[%emt 0:00:04]} Qf6 {[%emt 0:06:55]} 20. Qd2 {[%emt 0:03:20]} Bc6 {[%emt 0:04:29]} 21. Rxe8+ {[%emt 0:06:12]} Rxe8 {[%emt 0:00:13]} 22. Re1 {[%emt 0:00:08]} Rxe1+ {[%emt 0:05:08]} 23. Qxe1 {[%emt 0:00:04]} Qg6 {[%emt 0:01:20]} 24. f3 {[%emt 0:00:48]} h5 {[%emt 0:01:33]} 25. h4 {[%emt 0:01:04]} Qf6 {[%emt 0:12:20]} 26. Qg3 {[%emt 0:00:11]} Kh7 {[%emt 0:00:10]} 27. Kf1 {[%emt 0:02:41]} a6 {[%emt 0:02:48]} 28. Kf2 {[%emt 0:01:43]} Bd7 {[%emt 0:01:56]} 29. Kg1 {[%emt 0:00:59]} Qb6 {[%emt 0:01:43]} 30. Qf2 {[%emt 0:00:50]} g6 {[%emt 0:02:05]} 31. Kh2 {[%emt 0:00:39]} Qd6+ {[%emt 0:00:46]} 32. Qg3 {[%emt 0:00:28]} Qb6 {[%emt 0:00:49]} 33. Qe5 {[%emt 0:00:42]} Qd8 {[%emt 0:01:51]} 34. Kg3 {[%emt 0:00:19]} Kg8 {[%emt 0:00:32]} 35. Qd6 {[%emt 0:01:27]} Kg7 {[%emt 0:00:12]} 36. Qe5+ {[%emt 0:01:04]} Kg8 {[%emt 0:00:06]} 37. Qd6 {[%emt 0:00:05]} Kg7 {[%emt 0:00:04]} 38. Ne2 {[%emt 0:00:06]} Qe8 {[%emt 0:01:05]} 39. Kf2 {[%emt 0:00:05]} Kg8 {[%emt 0:01:00]} 40. Qd4 {[%emt 0:01:29]} b5 {[%emt 0:01:38]} 41. Qd6 {[%emt 0:05:10]} Bc6 {[%emt 0:07:41]} 42. Nd4 {[%emt 0:07:50]} Bb7 {[%emt 0:00:53]} 43. Nc2 {[%emt 0:04:29]} Kg7 {[%emt 0:02:46]} 44. Ne3 {[%emt 0:15:48]} Qc6 {[%emt 0:09:46]} 45. Qe7 {[%emt 0:03:29]} Kg8 {[%emt 0:04:13]} 46. Nc2 {[%emt 0:01:42]} Qd5 {[%emt 0:00:33]} 47. Nd4 {[%emt 0:00:05]} Kg7 {[%emt 0:01:03]} 48. Ke3 {[%emt 0:01:36]} Kg8 {[%emt 0:01:29]} 49. Kf4 {[%emt 0:00:28]} Kh7 {[%emt 0:02:57]} 50. Qf8 {[%emt 0:02:46]} Ba8 {[%emt 0:01:54]} 51. Qe7 {[%emt 0:04:39]} Bb7 {[%emt 0:00:47]} 52. a3 {[%emt 0:00:05]} Kg8 {[%emt 0:01:57]} 53. Ke3 {[%emt 0:01:54]} Kg7 {[%emt 0:00:38]} 54. Kd2 {[%emt 0:00:08]} Bc8 {[%emt 0:01:14]} 55. Ke3 {[%emt 0:00:03]} Bb7 {[%emt 0:00:44]} 56. Ke2 {[%emt 0:00:04]} Bc8 {[%emt 0:00:23]} 57. Kd2 {[%emt 0:01:54]} Bb7 {[%emt 0:02:07]} 58. Kc1 {[%emt 0:00:17]} Bc8 {[%emt 0:00:29]} 59. Kb1 {[%emt 0:00:20]} Bf5+ {[%emt 0:00:54]} 60. Ka2 {[%emt 0:00:07]} Bd3 {[%emt 0:01:09]} 61. g3 {[%emt 0:01:45]} Kg8 {[%emt 0:01:54]} 62. a4 {[%emt 0:02:25]} bxa4 {[%emt 0:01:39]} 63. Ka3 {[%emt 0:00:03]} Bf5 {[%emt 0:01:03]} 64. Kxa4 {[%emt 0:02:44]} Bc2+ {[%emt 0:01:09]} 65. Kb4 {[%emt 0:00:04]} Bd1 {[%emt 0:01:39]} 66. Qc5 {[%emt 0:02:20]} Qb7+ {[%emt 0:02:07]} 67. Kxc4 {[%emt 0:00:33]} Qxb2 {[%emt 0:00:48]} 68. Kd3 {[%emt 0:00:19]} Qf2 {[%emt 0:01:39]} 69. Qc8+ {[%emt 0:01:50]} Kg7 {[%emt 0:00:17]} 70. Ne6+ {[%emt 0:00:38]} Kf6 {[%emt 0:03:00]} 71. Ng5 {[%emt 0:00:02]} Bc2+ {[%emt 0:02:44]} 72. Kc4 {[%emt 0:00:05]} Qe2+ {[%emt 0:01:00]} 73. Kc5 {[%emt 0:00:05]} Qb5+ {[%emt 0:00:35]} 74. Kd6 {[%emt 0:00:09]} Qd3+ {[%emt 0:00:21]} 0-1

[Event "4NCL 2021-22"]
[Site "England"]
[Date "2022.03.27"]
[Round "6.13"]
[White "Sowray, Peter J"]
[Black "Jaracz, Pawel"]
[Result "0-1"]
[WhiteElo "2226"]
[BlackElo "2459"]
[Annotator "ChessBase"]
[PlyCount "74"]
[EventDate "2021.11.27"]
[EventType "team-tourn"]
[EventCountry "ENG"]
[SourceTitle "playchess.com"]
[Source "ChessBase"]
[SourceQuality "1"]
[TimeControl "40/6000+30:3000+30"]

1. d4 {[%emt 0:00:07]} Nf6 {[%emt 0:00:14]} 2. c4 {[%emt 0:00:08]} e6 {[%emt 0:00:08]} 3. Nc3 {[%emt 0:00:13]} Bb4 {[%emt 0:00:12]} 4. a3 {[%emt 0:00:17]} Bxc3+ {[%emt 0:00:17]} 5. bxc3 {[%emt 0:00:10]} O-O {[%emt 0:02:15]} 6. f3 {[%emt 0:01:48]} d5 {[%emt 0:00:07]} 7. cxd5 {[%emt 0:01:35]} exd5 {[%emt 0:00:04]} 8. e3 {[%emt 0:00:13]} Nh5 {[%emt 0:09:15]} 9. Qc2 {[%emt 0:04:39]} Re8 {[%emt 0:01:40]} 10. g4 {[%emt 0:01:48]} Nf4 {[%emt 0:00:50]} 11. h4 {[%emt 0:00:37]} c5 {[%emt 0:02:34]} 12. Kf2 {[%emt 0:04:20]} Ne6 {[%emt 0:03:17]} 13. Bd3 {[%emt 0:06:48]} Nf8 {[%emt 0:00:53]} 14. dxc5 {[%emt 0:07:54]} Nbd7 {[%emt 0:02:21]} 15. c4 {[%emt 0:03:15]} Nxc5 {[%emt 0:01:40]} 16. Bb2 {[%emt 0:04:15]} Qe7 {[%emt 0:12:32]} 17. Re1 {[%emt 0:02:44]} dxc4 {[%emt 0:04:00]} 18. Bxc4 {[%emt 0:02:07]} Be6 {[%emt 0:00:13]} 19. Nh3 {[%emt 0:12:44]} Rac8 {[%emt 0:14:19]} 20. Nf4 {[%emt 0:04:55]} Bxc4 {[%emt 0:02:40]} 21. Qxc4 {[%emt 0:00:14]} Red8 {[%emt 0:09:57]} 22. Qb4 {[%emt 0:10:28]} Nfe6 {[%emt 0:06:51]} 23. Kg3 {[%emt 0:01:31]} Rd6 {[%emt 0:10:13]} 24. Be5 {[%emt 0:03:28]} Rd7 {[%emt 0:01:54]} 25. Rd1 {[%emt 0:04:37]} Rcd8 {[%emt 0:04:31]} 26. Rxd7 {[%emt 0:01:18]} Qxd7 {[%emt 0:00:04]} 27. Nxe6 {[%emt 0:03:57]} Nxe6 {[%emt 0:00:11]} 28. Rb1 {[%emt 0:01:42]} b6 {[%emt 0:00:45]} 29. a4 {[%emt 0:09:21]} Qd3 {[%emt 0:02:28]} 30. Qb3 {[%emt 0:01:43]} Qe2 {[%emt 0:01:09]} 31. Qc3 {[%emt 0:03:51]} Rd2 {[%emt 0:04:22]} 32. Qc8+ {[%emt 0:00:07]} Nf8 {[%emt 0:00:23]} 33. Kf4 {[%emt 0:00:13]} Rc2 {[%emt 0:02:48]} 34. Qd8 {[%emt 0:02:51]} Qh2+ {[%emt 0:01:08]} 35. Ke4 {[%emt 0:04:42]} Rc4+ {[%emt 0:00:17]} 36. Bd4 {[%emt 0:00:01]} Qc2+ {[%emt 0:00:19]} 37. Kd5 {[%emt 0:00:02]} Rc8 {[%emt 0:03:06]} 0-1

[Event "4NCL 2021-22"]
[Site "England"]
[Date "2022.03.27"]
[Round "6.14"]
[White "Bobras, Piotr"]
[Black "Chapman, Terry P D"]
[Result "1-0"]
[WhiteElo "2500"]
[BlackElo "2240"]
[Annotator "ChessBase"]
[PlyCount "105"]
[EventDate "2021.11.27"]
[EventType "team-tourn"]
[EventCountry "ENG"]
[SourceTitle "playchess.com"]
[Source "ChessBase"]
[SourceQuality "1"]
[TimeControl "40/6000+30:3000+30"]

1. e4 {[%emt 0:00:39]} c6 {[%emt 0:00:29]} 2. d4 {[%emt 0:00:19]} d5 {[%emt 0:00:03]} 3. Nc3 {[%emt 0:00:05]} dxe4 {[%emt 0:00:03]} 4. Nxe4 {[%emt 0:00:05]} Nf6 {[%emt 0:00:04]} 5. Nxf6+ {[%emt 0:00:07]} exf6 {[%emt 0:00:02]} 6. Bc4 {[%emt 0:00:45]} Be7 {[%emt 0:04:30]} 7. Ne2 {[%emt 0:05:07]} Na6 {[%emt 0:01:51]} 8. O-O {[%emt 0:03:38]} Nc7 {[%emt 0:00:33]} 9. Bf4 {[%emt 0:09:04]} O-O {[%emt 0:03:48]} 10. Re1 {[%emt 0:07:54]} Re8 {[%emt 0:04:03]} 11. Qd3 {[%emt 0:10:19]} Bd6 {[%emt 0:19:14]} 12. Qg3 {[%emt 0:16:44]} Bxf4 {[%emt 0:01:21]} 13. Qxf4 {[%emt 0:00:06]} Be6 {[%emt 0:05:12]} 14. Bd3 {[%emt 0:01:57]} Nd5 {[%emt 0:01:22]} 15. Qd2 {[%emt 0:05:11]} Qd7 {[%emt 0:06:04]} 16. c4 {[%emt 0:09:53]} Ne7 {[%emt 0:11:06]} 17. Rad1 {[%emt 0:00:08]} Rad8 {[%emt 0:02:05]} 18. b3 {[%emt 0:06:18]} Bf5 {[%emt 0:10:16]} 19. h3 {[%emt 0:04:31]} Bxd3 {[%emt 0:01:51]} 20. Qxd3 {[%emt 0:01:49]} g6 {[%emt 0:00:34]} 21. Nc3 {[%emt 0:04:08]} Kg7 {[%emt 0:17:12]} 22. d5 {[%emt 0:06:12]} cxd5 {[%emt 0:00:32]} 23. Nxd5 {[%emt 0:02:59]} Nxd5 {[%emt 0:00:12]} 24. Rxe8 {[%emt 0:00:17]} Qxe8 {[%emt 0:03:55]} 25. cxd5 {[%emt 0:03:09]} Rd6 {[%emt 0:00:34]} 26. a4 {[%emt 0:01:23]} a5 {[%emt 0:01:42]} 27. Qc3 {[%emt 0:06:11]} Qd8 {[%emt 0:01:25]} 28. Qc4 {[%emt 0:01:36]} h5 {[%emt 0:02:37]} 29. h4 {[%emt 0:01:33]} b6 {[%emt 0:01:24]} 30. g3 {[%emt 0:00:08]} Qd7 {[%emt 0:03:16]} 31. Kg2 {[%emt 0:00:53]} Kh6 {[%emt 0:01:17]} 32. Qe4 {[%emt 0:01:18]} Kg7 {[%emt 0:01:37]} 33. Rd3 {[%emt 0:00:02]} Kf8 {[%emt 0:03:33]} 34. Rd2 {[%emt 0:01:55]} Kg7 {[%emt 0:00:12]} 35. Kh2 {[%emt 0:00:35]} Kh7 {[%emt 0:00:39]} 36. Kg1 {[%emt 0:00:10]} Kg7 {[%emt 0:00:10]} 37. Kg2 {[%emt 0:00:13]} Kf8 {[%emt 0:00:37]} 38. Rd4 {[%emt 0:01:08]} Kg7 {[%emt 0:00:52]} 39. Qf3 {[%emt 0:00:11]} Qe7 {[%emt 0:01:42]} 40. Rc4 {[%emt 0:01:01]} Qe5 {[%emt 0:01:43]} 41. Rc6 {[%emt 0:01:23]} Rxc6 {[%emt 0:11:02]} 42. dxc6 {[%emt 0:00:04]} f5 {[%emt 0:00:35]} 43. Qd3 {[%emt 0:01:38]} f4 {[%emt 0:17:06]} 44. Qc4 {[%emt 0:02:30]} Qc7 {[%emt 0:02:16]} 45. gxf4 {[%emt 0:00:15]} Kf8 {[%emt 0:01:34]} 46. Kf3 {[%emt 0:08:53]} Ke7 {[%emt 0:00:37]} 47. Qd5 {[%emt 0:01:57]} f6 {[%emt 0:04:11]} 48. Ke4 {[%emt 0:00:07]} Qc8 {[%emt 0:05:09]} 49. f5 {[%emt 0:01:19]} gxf5+ {[%emt 0:04:06]} 50. Kf4 {[%emt 0:00:04]} Qc7+ {[%emt 0:02:20]} 51. Kxf5 {[%emt 0:00:06]} Kf8 {[%emt 0:00:12]} 52. f3 {[%emt 0:07:12]} Qh7+ {[%emt 0:04:09]} 53. Kxf6 {[%emt 0:00:52]} 1-0